Science Quiz

Random Science or Animal Quiz

Beaded Mammals Quiz Stats

Quiz Updated May 5, 2016

Challenge
Share
Tweet
Score 0/26 Timer 06:00
0 Plays Today
% Correct
Cat
99.8%
Dog
99.4%
Rabbit
99%
Elephant
98.5%
Lion
98.1%
Giraffe
98%
Hippopotamus
97.8%
Panda
97.5%
Zebra
96.8%
Sheep
96.6%
Dolphin
96.3%
Kangaroo
96.1%
Tiger
96.1%
% Correct
Horses
95.9%
Pig
95.8%
Rhinoceros
95.6%
Whale
95.5%
Baboon
95.4%
Gorilla
95.2%
Bear
94.7%
Koala
94.5%
Porcupine
92.7%
Otter
91.6%
Warthogs
89.3%
Hedgehog
86.1%
Lemur
85.8%

You're not logged in!

Compare scores with friends on all Sporcle quizzes.
Sign Up with Email
OR
Log In

You Might Also Like...

Show Comments

Extras

Top Quizzes Today


Score Distribution

Your Account Isn't Verified!

In order to create a playlist on Sporcle, you need to verify the email address you used during registration. Go to your Sporcle Settings to finish the process.

Report this User

Report this user for behavior that violates our Community Guidelines.

Details: